| 000 | 01048pam a2200265 a 4500 | ||
|---|---|---|---|
| 001 | 3872353 | ||
| 005 | 19900329090723.8 | ||
| 008 | 891016s1990 paua d 000 0 eng | ||
| 010 | _a89029160 | ||
| 020 |
_a083068316X _c$34.95 |
||
| 020 |
_a0830633162 (pbk.) _c$24.60 |
||
| 040 |
_aDLC _cDLC _dDLC |
||
| 050 | 0 | 0 |
_aTL509 _b.G27 1990 |
| 082 | 0 | 0 |
_a629.13003 _bGAR |
| 100 | 1 |
_aGarrison, Paul. _97447 |
|
| 245 | 1 | 4 |
_aThe Illustrated Encyclopedia of General Aviation / _cPaul Garrison. |
| 250 | _a2nd ed. | ||
| 260 |
_aBlue Ridge Summit, PA : _bTab Books, _cc1990. |
||
| 300 |
_axxii, 462 p. : _bill. ; _c25 cm. |
||
| 650 | 0 |
_aAeronautics _xDictionaries. _97448 |
|
| 650 | 0 |
_aPrivate flying _xDictionaries. _97449 |
|
| 942 |
_2ddc _cBB |
||
| 999 |
_c12170 _d12170 |
||